grade 5 math - Statistieken

Algemene statistieken
  • Deze quiz is 7 keer genomen
  • De gemiddelde score is 11 van 15
Antwoordstatistieken
question?! Answer!!! % Correct
(5+2)x9:7=? 9
100%
1/4=%? 25
86%
93:3=? 31
86%
7×6×2=? 84
86%
6:30=? 0,2
71%
9x6:5=? 10,8
71%
9% of 300=? 27
71%
1/3=%? 33,33
71%
910:2=? 455
71%
(4:5)×6=? 4,8
71%
64:8×8=? 64
71%
(6×8)×2=? 96
71%
2:5=? 0,4
57%
1/8=%? 12,5
57%
1/16=%? 6,25
43%
Geen overeenkomende quizzen gevonden
Scoreverdeling
Procent van Mensen met Elke Score
Percentiel versus Aantal Correcte Antwoorden
Uw Scoregeschiedenis
U heeft deze quiz nog niet genomen